000 00447nam a22001697a 4500
005 20231103134810.0
008 231103b |||||||| |||| 00| 0 eng d
020 _a978-93-87686-87-8
041 _aeng
082 _a615.1
100 _aJAGTAP, DR. VAIBHAKUMAR A. AND OTHERS
_98226
245 _aA TEXTBOOK OF PHYSICAL PHARMACEUTICS - I [SEM-III] 6TH. ED.
250 _a6TH, ED. 2022
300 _a5-14;p
650 _aPHARMACY
942 _cBK
999 _c8450
_d8448